[Event "OM/PSG"]
[Site "http://www.queenalice.com/game.php?id=1222405"]
[Date "2013.10.5"]
[Round "-"]
[White "aragats"]
[Black "pacou93"]
[Result "1/2-1/2"]
[WhiteElo "1791"]
[BlackElo "1751"]

1. f4 c5 2. Nf3 Nc6 3. e3 Nf6 4. b3 g6 5. Bb2 Bg7 6. h3 O-O 7. Bb5 Ne4 8. Bxg7
Kxg7 9. O-O a6 10. Bd3 Ng3 11. Re1 h5 12. h4 d6 13. Kh2 Nf5 14. Nc3 e6 15. g3 e5
16. Nd5 Nfe7 17. c4 Bg4 18. Be2 Nf5 19. e4 Nfd4 20. Nxd4 Nxd4 21. Bxg4 hxg4 22.
Rc1 Nf3+ 23. Kg2 Nxe1+ 24. Qxe1 b5 25. Qe2 f5 26. Rh1 Rh8 27. d3 bxc4 28. bxc4
Rb8 29. fxe5 dxe5 30. exf5 gxf5 31. Qxe5+ Kg8 32. Qxf5 Rb2+ 33. Kg1 Rb1+ 34. Kg2
Rb2+ 35. Kg1 1/2-1/2

[Event "REIDID93"]
[Site "http://www.queenalice.com/game.php?id=1228343"]
[Date "2013.10.29"]
[Round "4"]
[White "Alligator427"]
[Black "aragats"]
[Result "1-0"]
[WhiteElo "2228"]
[BlackElo "1793"]

1. e4 e5 2. f4 exf4 3. Nf3 Nf6 4. e5 Nh5 5. Bc4 d5 6. Bb3 g5 7. d4 Be7 8. Nxg5
Ng7 9. Nf3 Nh5 10. Nc3 c6 11. Ne2 Bg5 12. c4 Be6 13. cxd5 Bxd5 14. Bxd5 cxd5 15.
O-O Rg8 16. Qb3 Qd7 17. Nxg5 Rxg5 18. Nxf4 Nxf4 19. Bxf4 Rg6 20. Rac1 b6 21. e6
fxe6 22. Rc7 Qd8 23. Rxh7 Nc6 24. Rh8+ 1-0

[Event "Rouletabosse-2"]
[Site "http://www.queenalice.com/game.php?id=1241136"]
[Date "2013.12.18"]
[Round "3"]
[White "aragats"]
[Black "maurice91"]
[Result "1-0"]
[WhiteElo "1804"]
[BlackElo "1920"]

1. f4 d5 2. Nf3 c5 3. e3 Nc6 4. Bb5 Bd7 5. b3 Nf6 6. Bb2 e6 7. h3 g6 8. Nc3 Bg7
9. Rb1 O-O 10. O-O a6 11. Bxc6 Bxc6 12. Ne5 Rc8 13. d3 d4 14. Ne2 dxe3 15. c4
Qc7 16. Qc1 b5 17. Qxe3 Bb7 18. g4 Ba8 19. Kf2 Qb7 20. Rg1 Rfd8 21. g5 Nh5 22.
Ng4 Rd7 23. Bxg7 Nxg7 24. Nf6+ Kh8 25. Nxd7 Qxd7 26. Rgd1 Nf5 27. Qe5+ Kg8 28.
Nc3 Qc6 29. Ne4 bxc4 30. bxc4 Rd8 31. Rb3 Ng7 32. Rdb1 Kf8 33. Rb8 Rxb8 34.
Rxb8+ Ne8 35. Qxc5+ Qxc5+ 36. Nxc5 Bc6 37. Nxa6 Ba4 38. Ke3 Ke7 39. Rb6 Bc2 40.
Rb4 Bd1 41. c5 Kd7 42. Rc4 Kc6 43. a4 Bg4 44. hxg4 1-0

[Event "Challenge"]
[Site "http://www.queenalice.com/game.php?id=1246948"]
[Date "2014.1.10"]
[Round "-"]
[White "pacou93"]
[Black "aragats"]
[Result "1/2-1/2"]
[WhiteElo "1826"]
[BlackElo "1825"]

1. e4 e5 2. Bc4 c6 3. Nc3 Bb4 4. a3 Ba5 5. Qf3 Nf6 6. Nge2 O-O 7. b4 Bb6 8. O-O
d6 9. d3 Re8 10. Be3 Bd7 11. Bg5 h6 12. Bxf6 Qxf6 13. Qxf6 gxf6 14. Ng3 Bd4 15.
Nge2 Be6 16. Nxd4 exd4 17. Ne2 c5 18. b5 Nd7 19. Bxe6 fxe6 20. f4 Kh7 21. a4 Rg8
22. Ng3 a6 23. Nh5 Kg6 24. Ng3 Kf7 25. Ne2 Nb6 26. c3 1/2-1/2

[Event "Challenge"]
[Site "http://www.queenalice.com/game.php?id=1246949"]
[Date "2014.1.10"]
[Round "-"]
[White "aragats"]
[Black "pacou93"]
[Result "1-0"]
[WhiteElo "1825"]
[BlackElo "1832"]

1. f4 d5 2. Nf3 Nf6 3. e3 c5 4. b3 g6 5. Bb2 Bg7 6. Bb5+ Bd7 7. Nc3 Ne4 8. Bxd7+
Qxd7 9. Ne5 Bxe5 10. fxe5 Nxc3 11. dxc3 Nc6 12. c4 Rg8 13. Qf3 d4 14. O-O-O Qc7
15. exd4 cxd4 16. Bxd4 O-O-O 17. Qxf7 e6 18. Qxe6+ Kb8 19. Be3 Qxe5 20. Qxe5+
Nxe5 21. Bf4 Rxd1+ 22. Rxd1 Re8 23. Rd5 Kc8 24. Rxe5 Rxe5 25. Bxe5 Kd7 26. Kd2
Ke6 27. Bd4 1-0

[Event "Rouletabosse-2"]
[Site "http://www.queenalice.com/game.php?id=1255711"]
[Date "2014.2.12"]
[Round "4"]
[White "Redtom"]
[Black "aragats"]
[Result "1-0"]
[WhiteElo "2016"]
[BlackElo "1841"]

1. e4 e5 2. Nc3 Nf6 3. f4 d5 4. fxe5 Nxe4 5. Qe2 Bf5 6. Nf3 Nxc3 7. dxc3 Bc5 8.
Bg5 Qd7 9. O-O-O Qe6 10. h3 h6 11. Be3 Bb6 12. Bxb6 axb6 13. Nd4 Qe7 14. Nxf5
Qg5+ 15. Ne3 c6 16. Kb1 Qxe5 17. Ng4 Qxe2 18. Bxe2 Ra4 19. Rd4 Ra5 20. Rf1 O-O
21. Rdf4 Nd7 22. h4 f6 23. Bd3 c5 24. Bf5 Nb8 25. Be6+ Kh8 26. Bxd5 Rd8 27. Bxb7
Rd2 28. Re1 Rd8 29. Rfe4 Kh7 30. Re8 Rxe8 31. Rxe8 Nd7 32. h5 c4 33. Re7 1-0

[Event "Challenge"]
[Site "http://www.queenalice.com/game.php?id=1259212"]
[Date "2014.2.23"]
[Round "-"]
[White "aragats"]
[Black "jorm"]
[Result "1-0"]
[WhiteElo "1832"]
[BlackElo "1845"]

1. e4 e5 2. Nf3 Nc6 3. Nc3 a6 4. Bc4 d6 5. h3 Nf6 6. O-O h6 7. d3 Be7 8. Bd2 Nd4
9. Nxd4 exd4 10. Nd5 Nxd5 11. Bxd5 c6 12. Bc4 Bd7 13. Qf3 Bf6 14. Bf4 Qe7 15.
Qg3 Be5 16. Bxe5 Qxe5 17. f4 Qf6 18. e5 Qg6 19. Qxg6 fxg6 20. exd6 O-O-O 21.
Rae1 Rhf8 22. Re4 c5 23. Be6 Rf6 24. g4 Rxe6 25. Rfe1 Rxd6 26. Re7 Rg8 27. Rf7
g5 28. f5 Kd8 29. Kf2 1-0

[Event "AUTO-ADV-3159"]
[Site "http://www.queenalice.com/game.php?id=1286276"]
[Date "2014.6.6"]
[Round "1"]
[White "aragats"]
[Black "raven225"]
[Result "1-0"]
[WhiteElo "1771"]
[BlackElo "1690"]

1. e4 c5 2. Nf3 Nc6 3. Bb5 d6 4. d3 Nf6 5. h3 Bd7 6. b3 Qa5+ 7. Nc3 O-O-O 8.
Bxc6 Bxc6 9. Bd2 Qb6 10. O-O e5 11. Qe1 Be7 12. Ne2 h6 13. Ba5 Qa6 14. Bxd8 Kxd8
15. c4 g5 16. Nh2 b6 17. Ng3 Bd7 18. f3 h5 19. Nf5 Bxf5 20. exf5 Kc7 21. Qe3 Nd7
22. Rfe1 f6 23. Nf1 Qb7 24. Qe4 Qc8 25. Ne3 h4 26. a3 Kd8 27. Nd5 Bf8 28. b4 Bg7
29. Reb1 Re8 30. a4 Bh8 31. a5 Rf8 32. axb6 axb6 33. bxc5 bxc5 34. Ra7 Nb8 35.
Rab7 Nc6 36. Rc7 Qa8 37. Qe2 Nb4 38. Qb2 Nxd5 39. Rb7 Nb4 40. Rb5 Ke7 41. Ra1
Qc8 42. Ra7+ Ke8 43. Rab7 Nc6 44. R5b6 Nd8 45. Qb5+ Nc6 46. Rxc6 Qd8 47. Rc8#
1-0

[Event "AUTO-ADV-3159"]
[Site "http://www.queenalice.com/game.php?id=1286277"]
[Date "2014.6.6"]
[Round "1"]
[White "raven225"]
[Black "aragats"]
[Result "1-0"]
[WhiteElo "1753"]
[BlackElo "1788"]

1. e4 e5 2. Nf3 Nc6 3. d4 exd4 4. Nxd4 Bc5 5. Nxc6 bxc6 6. Nc3 Qf6 7. Qd2 d6 8.
Bd3 Bg4 9. O-O Ne7 10. Qf4 Qxf4 11. Bxf4 Ng6 12. Bg3 Rb8 13. Rab1 O-O 14. h3 Be6
15. b3 Rfe8 16. Ne2 f6 17. c4 Ne7 18. Nf4 Bd7 19. Rfe1 Bd4 20. Ne2 Be5 21. f4
Bxf4 22. Nxf4 g5 23. Nh5 Kf7 24. Rf1 1-0

[Event "AUTO-ADV-3324"]
[Site "http://www.queenalice.com/game.php?id=1331351"]
[Date "2014.12.29"]
[Round "1"]
[White "TITAN10"]
[Black "aragats"]
[Result "1-0"]
[WhiteElo "1870"]
[BlackElo "1725"]

1. e4 e5 2. Nf3 Nc6 3. Bb5 g6 4. c3 Bg7 5. O-O Nge7 6. Re1 O-O 7. d4 d6 8. d5
Nb8 9. Bg5 f6 10. Bh4 Bg4 11. h3 Bd7 12. Bd3 c6 13. c4 Qb6 14. Qc2 Na6 15. a3
Nc5 16. Nbd2 Nxd3 17. Qxd3 c5 18. Rab1 Bh6 19. g4 Bf4 20. Bg3 Bxg3 21. fxg3 Rac8
22. b3 Qc7 23. Kg2 Kg7 24. a4 a6 25. Qc3 b5 26. axb5 axb5 27. Ra1 b4 28. Qb2 Rh8
29. Ra2 h6 30. Rea1 Rb8 31. Ra7 Qd8 32. Qa2 1-0

[Event "AUTO-ADV-3324"]
[Site "http://www.queenalice.com/game.php?id=1331363"]
[Date "2014.12.29"]
[Round "1"]
[White "mvson33"]
[Black "aragats"]
[Result "1-0"]
[WhiteElo "1953"]
[BlackElo "1722"]

1. Nf3 d5 2. d4 Nf6 3. Bg5 e6 4. e3 c5 5. Bb5+ Bd7 6. Bxd7+ Nbxd7 7. O-O Qb6 8.
Qc1 Be7 9. Nbd2 O-O 10. c3 c4 11. Ne5 Rfd8 12. Nxd7 Rxd7 13. Nf3 Ne4 14. Bxe7
Rxe7 15. Nd2 f5 16. Nxe4 fxe4 17. Qd2 Rf8 18. Rab1 e5 19. dxe5 Rxe5 20. Rfd1 Rd8
21. Qd4 Qxd4 22. cxd4 Rf8 23. dxe5 1-0

[Event "AUTO-ADV-3324"]
[Site "http://www.queenalice.com/game.php?id=1331364"]
[Date "2014.12.29"]
[Round "1"]
[White "aragats"]
[Black "mvson33"]
[Result "0-1"]
[WhiteElo "1742"]
[BlackElo "1901"]

1. f4 e6 2. Nf3 Nf6 3. e3 d5 4. b3 Be7 5. Bb2 O-O 6. Be2 c5 7. O-O Nc6 8. d3 b6
9. Nbd2 Bb7 10. a3 d4 11. e4 Qc7 12. e5 Nd5 13. g3 Ne3 0-1

[Event "AUTO-ADV-3324"]
[Site "http://www.queenalice.com/game.php?id=1331371"]
[Date "2014.12.29"]
[Round "1"]
[White "aragats"]
[Black "jlpbarreto"]
[Result "0-1"]
[WhiteElo "1757"]
[BlackElo "1873"]

1. f4 Nf6 2. Nf3 e6 3. e3 Nc6 4. b3 Be7 5. Bb2 d6 6. Bb5 Bd7 7. O-O O-O 8. Nc3
Kh8 9. d3 a6 10. Bxc6 Bxc6 11. h3 Nd7 12. Qe1 f5 13. Qg3 Nf6 14. Rae1 Nh5 15.
Qf2 Bxf3 16. Qxf3 Qe8 17. Ne2 c6 18. Ng3 Bf6 19. d4 Nxg3 20. Qxg3 d5 21. c4 Rc8
22. Rc1 Qh5 23. Rc2 b5 24. cxd5 cxd5 25. Rxc8 Rxc8 26. Qf2 Bh4 27. Qd2 Bd8 28.
Bc3 Qe8 29. Rc1 Rc6 30. g4 g5 31. Kg2 h6 32. Ba5 Be7 33. Kg3 Bd6 34. Kf3 Qc8 35.
Rxc6 Qxc6 36. Bd8 gxf4 0-1

[Event "AUTO-OPEN-3409"]
[Site "http://www.queenalice.com/game.php?id=1331402"]
[Date "2014.12.29"]
[Round "1"]
[White "aragats"]
[Black "Lopesq"]
[Result "0-1"]
[WhiteElo "1715"]
[BlackElo "1768"]

1. f4 d5 2. Nf3 Nf6 3. e3 Bf5 4. Be2 e6 5. b3 Ne4 6. d3 Nf6 7. O-O Nbd7 8. Bb2
h6 9. Nbd2 Bd6 10. Rc1 c6 11. Nd4 Bg6 12. Qe1 O-O 13. h3 Qb8 14. Qg3 Nh5 15.
Bxh5 Nf6 16. Bxg6 fxg6 17. Qxg6 Qc8 18. N4f3 Be7 19. e4 Qd8 0-1

[Event "AUTO-OPEN-3409"]
[Site "http://www.queenalice.com/game.php?id=1331421"]
[Date "2014.12.29"]
[Round "1"]
[White "daniloartigas"]
[Black "aragats"]
[Result "0-1"]
[WhiteElo "1875"]
[BlackElo "1735"]

1. e4 e5 2. Nf3 Nc6 3. Bb5 g6 4. O-O Bg7 5. c3 Nge7 6. d4 exd4 7. cxd4 a6 8. Bc4
d6 9. Bg5 Bg4 10. Qb3 Bxf3 11. Qxf3 O-O 12. Bf6 Nxd4 13. Bxd4 Bxd4 14. Nc3 b5
15. Bb3 Qb8 16. Rfd1 Bxc3 17. bxc3 Kg7 18. Rd3 f5 19. exf5 Rxf5 20. Qg4 Qb6 21.
Re1 Qxf2+ 0-1

[Event "AUTO-OPEN-3409"]
[Site "http://www.queenalice.com/game.php?id=1331422"]
[Date "2014.12.29"]
[Round "1"]
[White "aragats"]
[Black "daniloartigas"]
[Result "1-0"]
[WhiteElo "1701"]
[BlackElo "1910"]

1. f4 d5 2. Nf3 Nf6 3. e3 Bg4 4. Be2 e6 5. O-O Bd6 6. b3 Nbd7 7. Bb2 O-O 8. h3
Bxf3 9. Bxf3 Ne4 10. Qe1 Ndf6 11. d3 Nc5 12. Nd2 c6 13. Qg3 Ncd7 14. c4 Qb6 15.
d4 c5 16. Rac1 Rac8 17. Kh1 a5 18. a4 Be7 19. Bc3 cxd4 20. Bxd4 1-0

[Event "AUTO-OPEN-3409"]
[Site "http://www.queenalice.com/game.php?id=1331431"]
[Date "2014.12.29"]
[Round "1"]
[White "jlpbarreto"]
[Black "aragats"]
[Result "1-0"]
[WhiteElo "1873"]
[BlackElo "1732"]

1. e4 e5 2. Nf3 Nc6 3. Bc4 Bc5 4. c3 Nf6 5. O-O Nxe4 6. d4 exd4 7. cxd4 Bb6 8.
Re1 d5 9. Bd3 Bf5 10. Nc3 Qf6 11. Nxd5 Qe6 12. Nc3 Bg6 13. Bxe4 O-O-O 14. Bd3
Qf6 15. Bg5 1-0

[Event "AUTO-OPEN-3409"]
[Site "http://www.queenalice.com/game.php?id=1331432"]
[Date "2014.12.29"]
[Round "1"]
[White "aragats"]
[Black "jlpbarreto"]
[Result "1-0"]
[WhiteElo "1715"]
[BlackElo "1808"]

1. f4 Nf6 2. Nf3 e6 3. e3 d5 4. b3 c5 5. Bb2 Nc6 6. Bb5 Ne4 7. d3 Nd6 8. Bxc6+
bxc6 9. O-O Nf5 10. Qe1 Be7 11. e4 Nd6 12. exd5 O-O 13. dxc6 Bf6 14. Bxf6 Qxf6
15. Qc3 Qxc3 16. Nxc3 Ba6 17. Na4 Rfc8 18. Nxc5 Rxc6 19. Nxa6 Rxa6 20. Rfe1 Rc6
21. c4 Rd8 22. Kf2 Nf5 23. Rad1 Ra6 24. Re2 Ra3 25. g4 Ne7 26. Rdd2 Nc6 27. d4
Ne7 28. Re5 Ng6 29. Re4 Kf8 30. Ke3 Ne7 31. Re5 Nc6 32. Rc5 Nb4 33. Rc7 1-0